Deep strengths [ getting to the heart of high performance

Bibliographic Details
Main Author: Pritchett, Price (Author)
Format: Book
Language:English
Published: New York : McGraw-Hill , 2008
Subjects:
Online Access:McGraw Hill

MARC

LEADER 00000cam a2200000 7i4500
001 0000087321
005 20150514093000.0
008 141110s2008 nyu eng
020 |a 0071485465 
020 |a 0071762698 (e-book) 
020 |a 9780071485463 
020 |a 9780071762694 (e-book) 
050 0 0 |a HD58.9   |b .P75 2008 
090 0 0 |a HD58.9   |b .P75 2008 
100 1 |a Pritchett, Price ,   |e author 
245 1 0 |a Deep strengths [  |h electronic resource] :   |b getting to the heart of high performance   |c Price Pritchett 
260 |a New York :   |b McGraw-Hill ,   |c 2008 
300 |a 1 online resource :   |b ill. 
504 |a Includes bibliographical references and index 
650 0 |a Organizational effectiveness 
650 0 |a Personnel management 
856 4 0 |3 McGraw Hill   |u http://mhebooklibrary.com/doi/book/10.1036/9780071762694 
999 |a 1000163301   |b Electronic Book   |c Electronic Resource   |e Gong Badak Campus